000 00357nam a2200157Ia 4500
003 OSt
005 20240212111245.0
008 170523s9999 xx 000 0 und d
020 _a8129702010
040 _cIIMTU MEERUT
100 _aKOTLER- ARMSTRONG
245 0 _aPRINCIPLES OF MARKETING
260 _bPHI NEW DELHI
260 _c2004
942 _2ddc
_c02
999 _c1123
_d1123